Kỹ thuật nuôi cá kèo thương phẩm
Trình bày giá trị kinh tế của cá kèo, các đặc điểm sinh học, đánh bắt và ương cá kèo giống. Các kỹ thuật nuôi cá kèo thịt đạt hiệu quả kinh tế cao.
Uloženo v:
| Hlavní autor: | |
|---|---|
| Médium: | Kniha |
| Jazyk: | Undetermined |
| Vydáno: |
Hà Nội
Nông nghiệp
2016
|
| Témata: | |
| Tagy: |
Přidat tag
Žádné tagy, Buďte první, kdo otaguje tento záznam!
|
| Thư viện lưu trữ: | Trung tâm Học liệu Trường Đại học Cần Thơ |
|---|
| LEADER | 00839nam a2200193Ia 4500 | ||
|---|---|---|---|
| 001 | CTU_230860 | ||
| 008 | 210402s9999 xx 000 0 und d | ||
| 020 | |c 29000 | ||
| 082 | |a 639.31 | ||
| 082 | |b Kh107 | ||
| 100 | |a Phạm, Văn Khánh | ||
| 245 | 0 | |a Kỹ thuật nuôi cá kèo thương phẩm | |
| 245 | 0 | |c Phạm Văn Khánh, Vũ Anh Tuấn | |
| 260 | |a Hà Nội | ||
| 260 | |b Nông nghiệp | ||
| 260 | |c 2016 | ||
| 520 | |a Trình bày giá trị kinh tế của cá kèo, các đặc điểm sinh học, đánh bắt và ương cá kèo giống. Các kỹ thuật nuôi cá kèo thịt đạt hiệu quả kinh tế cao. | ||
| 650 | |a Fishes-culture,Freshwater fishes,Fisheries,Cá nước ngọt,Nuôi cá | ||
| 980 | |a Trung tâm Học liệu Trường Đại học Cần Thơ | ||